000 00738nam a22002417a 4500
003 UA-OsUOA
001 53476
007 ta
008 20151023b un ||||| |||| 00| 0 ukr d
100 _aВасильїв М.
090 _a09.-33
_bВ19
942 _cBR
040 _aUA-OsUOA
_bukr
_cUA-OsUOA
_dUA-OsUOA
245 _aВступ до економічних наук
_bЗш.1
300 _a15 с.
955 _a4
041 _aukr
080 _a09.-33
260 _bІнститут заочного навчання при УВУ
_c1949
650 7 _a0 Загальний відділ.
_2UDC
999 _c433596
_d433596